<?xml version="1.0" encoding="UTF-8"?>
<collection xmlns="http://www.loc.gov/MARC21/slim">
 <record>
  <leader>01293cam a22003132 a4500</leader>
  <controlfield tag="001">1118638271</controlfield>
  <controlfield tag="003">DE-627</controlfield>
  <controlfield tag="005">20191113155800.0</controlfield>
  <controlfield tag="007">tu</controlfield>
  <controlfield tag="008">951031n19uuuuuuxx |||||      00| ||ger c</controlfield>
  <datafield tag="035" ind1=" " ind2=" ">
   <subfield code="a">(DE-627)1118638271</subfield>
  </datafield>
  <datafield tag="035" ind1=" " ind2=" ">
   <subfield code="a">(DE-576)048638277</subfield>
  </datafield>
  <datafield tag="035" ind1=" " ind2=" ">
   <subfield code="a">(DE-599)BSZ048638277</subfield>
  </datafield>
  <datafield tag="040" ind1=" " ind2=" ">
   <subfield code="a">DE-627</subfield>
   <subfield code="b">ger</subfield>
   <subfield code="c">DE-627</subfield>
   <subfield code="e">rakwb</subfield>
  </datafield>
  <datafield tag="041" ind1=" " ind2=" ">
   <subfield code="a">ger</subfield>
  </datafield>
  <datafield tag="084" ind1=" " ind2=" ">
   <subfield code="a">9,10</subfield>
   <subfield code="2">ssgn</subfield>
  </datafield>
  <datafield tag="100" ind1="1" ind2=" ">
   <subfield code="a">Cézanne, Paul</subfield>
   <subfield code="d">1839-1906</subfield>
   <subfield code="0">(DE-588)118519964</subfield>
   <subfield code="0">(DE-627)145379957</subfield>
   <subfield code="0">(DE-576)160581893</subfield>
   <subfield code="4">aut</subfield>
  </datafield>
  <datafield tag="245" ind1="1" ind2="0">
   <subfield code="a">Die Zeichnungen von Paul Cézanne</subfield>
   <subfield code="c">Adrien Chappuis</subfield>
  </datafield>
  <datafield tag="246" ind1="1" ind2=" ">
   <subfield code="i">Ansetzungssachtitel</subfield>
   <subfield code="a">Die Zeichnungen</subfield>
  </datafield>
  <datafield tag="264" ind1=" " ind2="1">
   <subfield code="a">Olten [u.a.]</subfield>
   <subfield code="b">Urs Graf</subfield>
   <subfield code="c">19XX-</subfield>
  </datafield>
  <datafield tag="336" ind1=" " ind2=" ">
   <subfield code="a">Text</subfield>
   <subfield code="b">txt</subfield>
   <subfield code="2">rdacontent</subfield>
  </datafield>
  <datafield tag="337" ind1=" " ind2=" ">
   <subfield code="a">ohne Hilfsmittel zu benutzen</subfield>
   <subfield code="b">n</subfield>
   <subfield code="2">rdamedia</subfield>
  </datafield>
  <datafield tag="338" ind1=" " ind2=" ">
   <subfield code="a">Band</subfield>
   <subfield code="b">nc</subfield>
   <subfield code="2">rdacarrier</subfield>
  </datafield>
  <datafield tag="490" ind1="0" ind2=" ">
   <subfield code="a">Beschreibender Katalog der Zeichnungen / Kupferstichkabinett der Öffentlichen Kunstsammlung Basel, Kunstmuseum Basel</subfield>
   <subfield code="v">2</subfield>
  </datafield>
  <datafield tag="700" ind1="1" ind2=" ">
   <subfield code="a">Chappuis, Adrien</subfield>
   <subfield code="d">-1979</subfield>
   <subfield code="e">Hrsg.</subfield>
   <subfield code="0">(DE-588)131502948</subfield>
   <subfield code="0">(DE-627)707648521</subfield>
   <subfield code="0">(DE-576)160556813</subfield>
   <subfield code="4">edt</subfield>
  </datafield>
  <datafield tag="787" ind1="0" ind2="8">
   <subfield code="i">Rezensiert in</subfield>
   <subfield code="a">Hanfstaengl, Eberhard, 1886 - 1973</subfield>
   <subfield code="t">[Rezension von: Adrian Chappuis, Die Zeichnungen von Paul Cézanne]</subfield>
   <subfield code="d">Nürnberg : Carl, 1963</subfield>
   <subfield code="w">(DE-627)1681805839</subfield>
  </datafield>
  <datafield tag="951" ind1=" " ind2=" ">
   <subfield code="a">MC</subfield>
  </datafield>
  <datafield tag="991" ind1=" " ind2=" ">
   <subfield code="a">Rezensiertes Werk</subfield>
  </datafield>
  <datafield tag="999" ind1=" " ind2=" ">
   <subfield code="a">KXP-PPN1118638271</subfield>
   <subfield code="e">4060448168</subfield>
  </datafield>
 </record>
</collection>
